000 00343 a2200157 4500
001 60903
020 _a8506042933
040 _cAnchieta - Pituba
100 _aArnold, Nick
240 1 0 _aMonstros microscópicos
_lpor
245 1 0 _aMonstros microscópicos
300 _a142
362 0 _a2006
650 4 _aLiteratura juvenil
942 _cBK
999 _c60903
_d60903